| 000 | 00000nam##2200000za#4500 |
| 001 | 9.608362 |
| 003 | CaOODSP |
| 005 | 20240612102654 |
| 007 | cr ||||||||||| |
| 008 | 150406|2015||||xxc|||||o f|0| 0 fre|d |
| 040 | |aCaOODSP|bfre |
| 043 | |an-cn--- |
| 086 | 1 |aRv55-5/11-4-4-2015F-PDF |
| 110 | 2 |aAgence des services frontaliers du Canada. |
| 245 | 10|aRègles d'origine aux fins du Tarif de préférence général et du Tarif des pays moins développés |h[ressource électronique] |
| 260 | |aOttawa - Ontario : |bAgence des services frontaliers du Canada |
| 300 | |a16p.|bfigure, tableaux |
| 490 | 1 |aMémorandums D des douanes. D11, Renseignements généraux sur le tarif |vD11-4-4, le 9 mars 2015 |
| 500 | |a« Ceci annule le mémorandum D : D11-4-4 daté le 27 mai 2008 ». |
| 590 | |a15-12|b2015-03-20 |
| 775 | 08|tRules of Origin respecting the General Preferential Tariff and Least Developed Country Tariff |w(CaOODSP)9.581590 |
| 830 | #0|aMémorandums D des douanes. D11, Renseignements généraux sur le tarif ;|vD11-4-4, le 9 mars 2015|w(CaOODSP)9.816826 |
| 856 | 40|ahttp://publications.gc.ca|qPDF|s214 Ko|uhttps://publications.gc.ca/collections/collection_2015/asfc-cbsa/Rv55-5-11-4-4-2015-fra.pdf|yD11-4-4, le 9 mars 2015 |